William Ellery Channing.

Bibliographic Details
Main Author: Brown, Arthur W., 1917-2006
Format: Book
Language:English
Published: New York : Twayne Publishers, [1962]
Series:Twayne's United States authors series ; TUSAS 7.
Subjects:

MARC

Tag First Indicator Second Indicator Subfields
LEADER 00000cam a22000001 4500
001 in00000061391
005 20151007082726.0
008 730213c19621961nyu b 00000 eng
010 |a  61013051  
035 |a (OCoLC)00387504 
035 |9 AAF8318AM 
040 |a DLC  |c DLC  |d TXA  |d UtOrBLW 
049 |a TXAM  |c [343999] 
050 0 0 |a BX9869.C4  |b B86 1962 
082 0 |a 922.8173 
092 |a 288  |b C4583b 
100 1 |a Brown, Arthur W.,  |d 1917-2006. 
245 1 0 |a William Ellery Channing. 
264 1 |a New York :  |b Twayne Publishers,  |c [1962] 
264 4 |c [©1961] 
300 |a 172 pages ;  |c 21 cm. 
336 |a text  |b txt  |2 rdacontent 
337 |a unmediated  |b n  |2 rdamedia 
338 |a volume  |b nc  |2 rdacarrier 
490 1 |a Twayne's United States authors series, 7 
504 |a Includes bibliography. 
600 1 0 |a Channing, William Ellery,  |d 1780-1842. 
650 0 |a Unitarianism. 
830 0 |a Twayne's United States authors series ;  |v TUSAS 7. 
999 |a MARS 
999 f f |s e6ec61ec-c485-3cf1-b8a7-d0fb0dbc5446  |i 5743fa06-5643-350e-8083-a972f8153298  |t 0 
952 f f |p ric  |a Texas A&M University  |b Rellis Campus  |c Joint Library Facility  |d Remote Storage  |t 0  |e BX9869.C4 B86 1962  |h Library of Congress classification  |i unmediated -- volume  |m A14800625580 
998 f f |a BX9869.C4 B86 1962  |t 0  |l Remote Storage